IFM Opac

M: Marketing (Record no. 22206)

MARC details
000 -LEADER
fixed length control field 00324nam a22001457a 4500
020 ## - INTERNATIONAL STANDARD BOOK NUMBER
ISBN 978-1-265-05670-4
082 ## - DEWEY DECIMAL CLASSIFICATION NUMBER
Classification number 658.8
100 ## - MAIN ENTRY--AUTHOR NAME
Personal name Grewal, Dhruw
245 ## - TITLE STATEMENT
Title M: Marketing
250 ## - EDITION STATEMENT
Edition statement 8th
260 ## - PUBLICATION, DISTRIBUTION, ETC. (IMPRINT)
Place of publication New York:
Name of publisher McGraw-Hill,
Year of publication 2023
300 ## - PHYSICAL DESCRIPTION
Number of Pages xvi, 507p.: ill.; 27cm
700 ## - ADDED ENTRY--PERSONAL NAME
Personal name Levy, Michael
942 ## - ADDED ENTRY ELEMENTS (KOHA)
Koha item type Books
Holdings
Withdrawn status Lost status Damaged status Not for loan Collection code Permanent Location Current Location Shelving location Date acquired Source of acquisition Full call number Accession Number Price effective from Koha item type
        Non-fiction IFM Main Campus Library IFM Main Campus Library Work Room processing 01/23/2026 Purchased 658.8 GRE 0000030495 01/23/2026 Books
        Non-fiction IFM Main Campus Library IFM Main Campus Library Work Room processing 01/23/2026 Purchased 658.8 GRE 0000030497 01/23/2026 Books